000 00882nam a2200277Ia 4500
003 OSt
005 20260227103000.0
008 210716s2009 xx 000 0 und d
020 _a9788178531571
040 _cAIMIT LIBRARY
041 _aeng
082 _a658.4038011
_bSTEJ
100 _aSteger, Jim.
_9257024
245 _aProgramming microsoft dynamics CRM 4.0 /
_cBy Jim Steger ...[et.al.].
250 _a1st ed.
260 _aBangalore :
_bWP Publishers & Distributors (P) Ltd ,
_c2009.
300 _axxv,596 p.;
_bPB
_c23.5 cm.
650 _aDevelopment overview and environment
_9257025
650 _aProgramming work Flow
_9257026
650 _aAdvanced topics
_9257027
700 _aSnyder, Mike.
_9257028
700 _aBosak, Brad.
_9257029
700 _aO'Brien, Corey.
_9257030
700 _aRichardson, Philip.
_9257031
942 _2ddc
_cBK
_k658.4038011 STEJ
999 _c190162
_d190162